Statistics for Sci-Fi and Fantasy Authors

Click here to take the quiz!

General Stats

  • This quiz has been taken 12,445 times
    (10,010 since last reset)
  • The average score is 12 of 24

Answer Stats

BookAuthor% Correct
Harry Potter seriesJ. K. Rowling
95%
Lord of the Rings seriesJ. R. R. Tolkien
93%
Twenty Thousand Leagues
Under the Sea
Jules Verne
66%
A Song of Ice and Fire seriesGeorge R. R. Martin
65%
Brave New WorldAldous Huxley
61%
The Time MachineH. G. Wells
61%
Jurassic ParkMichael Crichton
60%
I, RobotIsaac Asimov
58%
Twilight seriesStephenie Meyer
58%
Fahrenheit 451Ray Bradbury
56%
The Hitchhiker's Guide to the GalaxyDouglas Adams
55%
The Dark Tower seriesStephen King
54%
DuneFrank Herbert
52%
The Hunger GamesSuzanne Collins
48%
Do Androids Dream of
Electric Sheep?
Philip K. Dick
43%
The Handmaid's TaleMargaret Atwood
42%
Ender's GameOrson Scott Card
40%
Battlefield EarthL. Ron Hubbard
30%
Earthsea seriesUrsula K. Le Guin
29%
The Wheel of Time seriesRobert Jordan
28%
A Wrinkle In TimeMadeleine L'Engle
27%
Stranger in a Strange LandRobert A. Heinlein
25%
Divergent seriesVeronica Roth
22%
NeuromancerWilliam Gibson
20%

Score Distribution

Percentile by Number Answered

Percent of People with Each Score

Your Score History

You have not taken this quiz since the last reset